书目信息 |
| 题名: |
中国旅行社业研究
|
|
| 作者: | 蔡家成 著 | |
| 分册: | ||
| 出版信息: | 北京 中国旅游出版社 2005 |
|
| 页数: | 264页 | |
| 开本: | 23cm | |
| 丛书名: | ||
| 单 册: | ||
| 中图分类: | F592.6 | |
| 科图分类: | ||
| 主题词: | 旅行社--企业管理--研究--中国 , 旅行社 , 企业管理 | |
| 电子资源: | ||
| ISBN: | 7-5032-2646-3 | |
| 000 | 00960nam0 2200265 450 | |
| 001 | 003030068 | |
| 005 | 20091202085612.78 | |
| 010 | @a7-5032-2646-3@dCNY35.00 | |
| 100 | @a20051103d2005 em y0chiy0110 ea | |
| 101 | 0 | @achi |
| 102 | @aCN@b110000 | |
| 105 | @ay z 000yy | |
| 106 | @ar | |
| 200 | 1 | @a中国旅行社业研究@9zhong guo lv xing she ye yan jiu@dOn research of Chinese travel service's industry@f蔡家成著@zeng |
| 210 | @a北京@c中国旅游出版社@d2005 | |
| 215 | @a264页@d23cm | |
| 330 | @a本书阐述了旅行社行业管理和中国旅行社业状况。包括中国旅行社业务经营许可证制度研究、旅行社的性质特征和体制改革研究、导游管理制度研究以及旅行社信用建设研究等。 | |
| 510 | 1 | @aOn research of Chinese travel service's industry@zeng |
| 606 | 0 | @a旅行社@x企业管理@x研究@y中国 |
| 606 | 0 | @a旅行社 |
| 606 | 0 | @a企业管理 |
| 690 | @aF592.6@v4 | |
| 701 | 0 | @a蔡家成@9cai jia cheng@f(1962.8~)@4著 |
| 801 | 0 | @aCN@bNLC@c20091202 |
| 905 | @b794525-29@dF592.6@e229@f5 | |
| 中国旅行社业研究=On research of Chinese travel service's industry/蔡家成著.-北京:中国旅游出版社,2005 |
| 264页;23cm |
| ISBN 7-5032-2646-3:CNY35.00 |
| 本书阐述了旅行社行业管理和中国旅行社业状况。包括中国旅行社业务经营许可证制度研究、旅行社的性质特征和体制改革研究、导游管理制度研究以及旅行社信用建设研究等。 |
| ● |
| 相关链接 |
|
|
|
|
正题名:中国旅行社业研究
索取号:F592.6/229
 
预约/预借
| 序号 | 登录号 | 条形码 | 馆藏地/架位号 | 状态 | 备注 |
| 1 | 794525 | 207945250 | 第一样本阅览室/ [索取号:F592.6/229] | 在馆 | |
| 2 | 794526 | 207945269 | 第一借阅区/ [索取号:F592.6/229] | 在馆 | |
| 3 | 794527 | 207945278 | 第一借阅区/ [索取号:F592.6/229] | 在馆 | |
| 4 | 794528 | 207945287 | 第一借阅区/ [索取号:F592.6/229] | 在馆 | |
| 5 | 794529 | 207945296 | 密集书库-资源管理系/ [索取号:F592.6/229] | 在馆 |